| 000 | 00391nam a2200157Ia 4500 | ||
|---|---|---|---|
| 008 | 241014s9999||||xx |||||||||||||| ||und|| | ||
| 020 | _a9780131738812 | ||
| 060 | _aHD 31 G 1991 | ||
| 100 | _aGretz, Karl F. | ||
| 245 | 4 | _aThe Effective Manager | |
| 250 | _a1991 | ||
| 260 |
_aNew York _bThe New York Institute of Finance |
||
| 300 | _a406 | ||
| 650 | _aManagement | ||
| 942 |
_bIBHM _cBK |
||
| 999 |
_c16393 _d16393 |
||